000 01069cam a2200265 4500
001 WB4003-11
008 040121n2004 000 0 eng u
035 _a(Sirsi) u124884
245 _aDraft code for outdoor access
260 _c2004
490 _aScottish Executive News Release
_v(SEen765/2004) 21 January 2004 (2)
520 _aScottish Natural Heritage's proposed Outdoor Access Code was welcomed by the Scottish Executive. The Code outlines guidance on responsibilities for the public and land managers and includes three main themes of respect for the interests of others, care for the environment and personal responsibility. http://www.scotland.gov.uk/pages/news/2004/01/SEen 765.aspx.
590 _aWB
590 _aWB
650 _aSCOTTISH OUTDOOR ACCESS CODE
650 _aLAND REFORM (SCOTLAND) ACT 2003
650 _aLAND MANAGERS
650 _aPUBLIC
650 _aENVIRONMENTAL MANAGEMENT
650 _aSCOTLAND
650 _aSCOTTISH NATURAL HERITAGE
650 _aRESPONSIBILITY
690 _aENVIRONMENT
_96238
942 _n0
999 _c116958
_d116958